| 000 | 00523nam a22001937a 4500 | ||
|---|---|---|---|
| 003 | OSt | ||
| 005 | 20140310183011.0 | ||
| 008 | 130211t xxu||||| |||| 00| 0 eng d | ||
| 020 | _a9715902251 | ||
| 050 |
_aBV 4501.2 _b.Si63 1999 |
||
| 100 | _aSinetar, Marsha | ||
| 245 |
_aSpiritual growth through film / _cMarsha Sinetar. |
||
| 260 |
_aPasay City : _bPaulines Publishing House, _c1999. |
||
| 300 |
_a179 p. : _c21 cm. |
||
| 521 | _aMC | ||
| 650 |
_aFilms _xspiritual aspect |
||
| 942 |
_2lcc _cBK _kLOC |
||
| 999 |
_c18237 _d18237 |
||